|
|
|
|
| LEADER |
00977nam a2200265 a 4500 |
| 001 |
4377354 |
| 008 |
100110s1991 ii bs 001 0 eng d |
| 010 |
|
|
|a 91006973
|
| 020 |
|
|
|a 8170362253
|
| 020 |
|
|
|a 0803996829 (U.S.)
|
| 040 |
|
|
|a DLC
|c DLC
|d DLC
|d BD-DhAAL
|
| 082 |
0 |
0 |
|a 305.42/095492
|2 20
|
| 100 |
1 |
|
|a Ahmad, Alia.
|
| 245 |
1 |
0 |
|a Women and fertility in Bangladesh /
|c Alia Ahmad.
|
| 260 |
|
|
|a New Delhi ;
|a Newbury Park ;
|b Sage Publications,
|c 1991.
|
| 300 |
|
|
|a 184 p. ;
|c 23 cm.
|
| 504 |
|
|
|a Includes bibliographical references (p. [167]-178) and index.
|
| 541 |
1 |
|
|e 00006126
|
| 650 |
|
0 |
|a Birth control
|z Bangladesh.
|
| 650 |
|
0 |
|a Fertility, Human
|z Bangladesh.
|
| 650 |
|
0 |
|a Women
|x Bangladesh
|z Economic conditions.
|
| 852 |
4 |
|
|a Ayesha Abed Library
|j General shelf
|
| 942 |
0 |
0 |
|0 2
|
| 999 |
|
|
|c 6844
|d 6844
|
| 952 |
|
|
|0 0
|1 0
|2 ddc
|4 0
|6 305_420954920000000_AHM_1991
|7 0
|9 7054
|a BRACUL
|b BRACUL
|d 2010-01-11
|l 2
|o 305.42095492 AHM
|p 3010006126
|r 2015-10-27
|s 2015-10-20
|t 1
|w 2010-01-11
|y BK
|